Music Quiz

Random Music or Artist Quiz
Score 0/30 Timer 07:00
0 Plays Today
% Correct
Gary Puckett and The Union Gap
76.5%
The Honeycombs
71.1%
Slim Whitman
67.8%
Yazz and the Plastic Population
67.2%
Marmalade
66.8%
The Simon Park Orchestra
66.1%
Thunderclap Newman
65.9%
Crazy World of Arthur Brown
65%
Dickie Valentine
62.3%
Emile Ford and The Checkmates
62.2%
The Teenagers
62.2%
The Stargazers
60.3%
The Temperance Seven
60.2%
Middle of the Road
60%
Long John Baldry
58.8%
% Correct
The Tams
57.8%
B. Bumble and the Stingers
57.8%
The Floaters
57.7%
Lieutenant Pigeon
57.5%
The Equals
54.1%
Partners In Kryme
53.9%
The Scaffold
52.5%
Amen Corner
51.7%
Winifred Atwell
50.9%
Slik
50.2%
Typically Tropical
49.2%
Marvin Rainwater
47.8%
Kitty Kallen
42.9%
Doop
42.6%
Lita Roza
39.7%
Remove Ads.
Support Sporcle.
Get the best of Sporcle when you Go Orange. This ad-free experience offers more features, more stats, and more fun while also helping to support Sporcle. Thank you for becoming a member.

You're not logged in!

Compare scores with friends on all Sporcle quizzes.
OR
Log In

Show Comments

Extras

Top Quizzes Today


Score Distribution

Your Account Isn't Verified!

In order to create a playlist on Sporcle, you need to verify the email address you used during registration. Go to your Sporcle Settings to finish the process.

Report this User

Report this user for behavior that violates our Community Guidelines.

Details: